000 00348nam a22001577a 4500
005 20160702100029.0
008 160702b xxu||||| |||| 00| 0 eng d
020 _a978-0-19-807640-7
041 _aeng
082 _b20834
245 _aEnglish Hindi Dictionary
260 _bOxford
300 _a1517
650 _aDictionary
_92942
942 _cBK
999 _c5141
_d5139